Szwajcarskie miasta - nagła śmierć - Statystyki

Ogólne statystyki
  • Ten quiz został rozwiązany 231 razy
  • Średni wynik to 6 z 7
Answers on the Grid
Answers color-coded by a green-red scale on the quiz's grid according to % correct below.
Zurych
Wiedeń
Berno
Turyn
Nicea
Lucerna
Pilzno
Lugano
Genua
Bristol
Bazylea
Vaduz
Braga
Thun
Bielefeld
Lozanna
 
Statystyki odpowiedzi
Odpowiedź % Poprawnych
Zurych
98%
Berno
96%
Lucerna
84%
Bazylea
77%
Lugano
77%
Lozanna
76%
Thun
67%
Nie znaleziono quizów pasujących do podanych kryteriów
Rozkład punktacji
Procent ludzi z każdym wynikiem
Percentyl według liczby udzielonych odpowiedzi
Twoja historia wyników
Nie rozwiązałeś tego quizu